[Event "Corr"]
[Site "?"]
[Date "2003.05.12"]
[Round "?"]
[White "Smeulders Thomas"]
[Black "Booth Cameron"]
[Result "0-1"]
[WhiteElo "859"]
[BlackElo "951"]
[PlyCount "88"]
[EventDate "2003.??.??"]
[Source "www.chesslib.no"]
[SourceDate "2004.05.04"]

1. e4 e6 2. e5 Nc6 3. d4 d6 4. Bf4 Nge7 5. Nc3 d5 6. Bd3 Nxd4 7. Be3 Ndc6 8. Nf3 Ng6 9. Bb5 Bd7 10. Bg5 Be7 11. g3 Ncxe5 12. Qe2 Nxf3+ 13. Qxf3 Bxg5 14. a4 Bxb5 15. Nxb5 Bf6 16. c3 Qd7 17. Rd1 c6 18. Na3 Qd6 19. Nc2 Ne5 20. Qe3 Nc4 21. Qe2 Nxb2 22. Ra1 Bxc3+ 23. Kf1 Qe5 24. Ra3 Nc4 25. Rb3 Rb8 26. f4 Qe4 27. Rxc3 Qxh1+ 28. Kf2 Qxh2+ 29. Kf3 Qxe2+ 30. Kxe2 f6 31. Kf3 f5 32. Nd4 Ke7 33. Rc2 Kf6 34. Re2 e5 35. fxe5+ Nxe5+ 36. Ke3 Rhe8 37. Rh2 Ng4+ 38. Kd3 Nxh2 39. Ne2 Re4 40. Nc3 Re1 41. Kd2 Rbe8 42. a5 R8e3 43. Na2 R1e2+ 44. Kd1 Rxa2 0-1